| 000 | 00618nam a2200229Ia 4500 | ||
|---|---|---|---|
| 003 | 20180301141138.0 | ||
| 005 | 20180301141211.0 | ||
| 008 | 170918s9999 xx 000 0 und d | ||
| 020 | _a9780545663298 | ||
| 050 | _bGS FIC P291 2013 | ||
| 100 | _aPastis, Stephan | ||
| 245 | _aTimmy failure / | ||
| 245 | _bmistakes were made / | ||
| 245 | _cby Stephan Pastis. | ||
| 260 | _aNew York : | ||
| 260 | _bScholastic, | ||
| 260 | _c2013 | ||
| 300 | _a294 pages : | ||
| 300 | _billustrations ; | ||
| 300 | _c19cm. | ||
| 942 |
_2ddc _cBK _hGS FIC P291 2013 _iGS FIC P291 2013 |
||
| 999 |
_c343810 _d343810 |
||